| 000 | 00592nam a2200157 a 4500 | ||
|---|---|---|---|
| 001 | 000041216 | ||
| 005 | 20240307073948.0 | ||
| 008 | 130926s1982 dr 000 0 spa d | ||
| 040 |
_aDO-SdBNP _bspa _cBNPHU |
||
| 245 | 0 | 0 | _aCuadernos de posgrado no. 2 /. |
| 260 |
_aSanto Domingo : _bUASD, _c1982. |
||
| 300 |
_a248 p. ; _c21 cm. |
||
| 490 | 1 |
_aPublicaciones d la Universidad Autónoma de Santo Domingo _aCuadernos de posgrado _v2 |
|
| 710 | 1 |
_aUniversidad Autónoma de Santo Domingo _972951 |
|
| 830 | 0 |
_aPublicaciones de la Universidad Autónoma de Santo Domingo _aCuadernos de posgrado _n2 _967793 |
|
| 999 |
_c40706 _d40706 |
||